Szeged jobb ellátásáért derekasan dolgozik a városi tanács kereskedelmi bizottsága /

Elmentve itt :
Bibliográfiai részletek
Szerző: Magyar Andor
Dokumentumtípus: Cikk
Megjelent: 1957-06-18
Sorozat:Délmagyarország
Kulcsszavak:Kereskedelem Szeged 1957
Online Access:http://dmarchiv.bibl.u-szeged.hu/53258
LEADER 00507nab a2200157 i 4500
001 delm53258
005 20180927141925.0
008 180927s1957 hu o 0|| hun d
040 |a SZTE Délmagyarország Archívum  |b hun 
041 |a hun 
100 1 |a Magyar Andor 
245 1 0 |a Szeged jobb ellátásáért   |h [elektronikus dokumentum] :  |b derekasan dolgozik a városi tanács kereskedelmi bizottsága /  |c  Magyar Andor 
260 |c 1957-06-18 
300 |a 1 
490 0 |a Délmagyarország 
695 |a Kereskedelem Szeged 1957